Raghuvamsa of kalidasa. Ed.5 (Record no. 95304)

MARC details
000 -LEADER
fixed length control field 00364nam a2200133Ia 4500
008 - FIXED-LENGTH DATA ELEMENTS--GENERAL INFORMATION
fixed length control field 210210b1982 xxu||||| |||| 00| 0 eng d
082 ## - DEWEY DECIMAL CLASSIFICATION NUMBER
Classification number S891.1 NANR
100 ## - MAIN ENTRY--PERSONAL NAME
Personal name NANDARGIKAR (Gopal Raghunath).
245 ## - TITLE STATEMENT
Title Raghuvamsa of kalidasa. Ed.5
260 ## - PUBLICATION, DISTRIBUTION, ETC.
Place of publication, distribution, etc. Delhi
Name of publisher, distributor, etc. Motilal Banarsidass
Date of publication, distribution, etc. 1982
650 ## - SUBJECT ADDED ENTRY--TOPICAL TERM
Topical term or geographic name entry element raghuvamsa kalidasa
690 ## - LOCAL SUBJECT ADDED ENTRY--TOPICAL TERM (OCLC, RLIN)
Topical term or geographic name as entry element Hindi Poetry
906 ## - LOCAL DATA ELEMENT F, LDF (RLIN)
a 045943

No items available.